1331 1614 1630 1623 1835 1367 1755 1300 1125 1682 1258 1633 1587 1073 1995 1070 1151 1867 1598 1216 1851 1352 1867 1145 1520 1585 1047 1381 1830 1153 1456 1150 1909 1389 1507 1939 1188 1962 1943 1046 1936 1239 1849 1618 1074 1503 1996 1138 1671 1409 1132 1535 1638 1376 1604 1041 1054 1522 1902 1582 1912 1507 1738 1811 1172 1586 1568 1626 1617 1786 1425 1760 1109 1382 1422 1988 1048 1239 1140 1195 1270 1618 1902 1043 1246 1740 1657 1151 1782 1777 1497 1536 1259 1331 1827 1712 1307 1934 1575 BCNSPRNW ULIB Ver.6.0+V

เปลี่ยนเป็นภาษาไทย

Change to English
 แสดงรายละเอียดบรรณานุกรม
  กลับหน้าหลัก

Brief Record : Get Marc (ISO 2709) : E-mail record : QR code < ปิดหน้าต่าง
LEADER : 00000nam 2200000uu 4500
001    13399111691
003     ULIB
008    110706s2553||||th 000 0 tha d
020    9786165001014
090    นว.^bณ410ส 2553
100 0  ณารา
245 00 เจ้านาง/^cณารา
260    กรุงเทพฯ :^bพิมพ์คำ,^c2553
300    340 หน้า
945    ^p230^l0^i18284
995     เกษร
999    ^aใช้งานได้ทุกระบบ
รายการนี้ยังไม่มีแท็ก
คุณยังไม่ได้ล็อกอิน คุณสามารถมีกิจกรรมร่วมกับเว็บไซต์ได้ แต่ต้องล็อกอินก่อน ::
  ล็อกอิน

รายการสื่อสารสนเทศ

ลำดับที่ ประเภท เลขเรียก/บาร์โค้ด สถานที่ สถานะ
1. นวนิยาย
นวนิยาย
นว. ณ410ส 2553  
  Barcode: 18284
ห้องสมุดวิทยาเขตสวรรค์ประชารักษ์
►นวนิยาย
บนชั้น
  ขอยืม

รายการใกล้เคียง
    ผู้แต่ง [ณารา]

BibComment


ยังไม่เคยถูกคอมเมนท์

คอมเมนท์ทรัพยากรรายการนี้
  คอมเมนท์: เจ้านาง ณารา


 Copyright 2026. Bcnsprnw @Library